Studien zur Geschichte und Archäologie der 13. bis 17. Dynastie Ägyptens : unter besonderer Berücksichtigung der Skarabäen dieser Zwischenzeit /

Saved in:

Main Author: Stock, Hanns.

Format: Book

Language: German

Published: Glückstadt ; New York : J.J. Augustin, 1955.

Edition: 2., um den Index erg. Aufl.

Series: Agyptologische Forschungen ; 12A.
AgForsch ; 12A.

Subjects:

Tags: Add Tag

No Tags, Be the first to tag this record!

Call Number: DT57 .A4 v.12A

LEADER 00962cam a2200289Ii 4500
001 ocm07009482
003 OSt
005 20250519075629.0
008 801208s1955 gw a b 001 0 ger d
035 |a (OCoLC)7009482 
040 |c ARCE Library 
043 |a f-ua--- 
050 4 |a DT57 .A4 v.12A 
100 1 |a Stock, Hanns. 
245 1 0 |a Studien zur Geschichte und Archäologie der 13. bis 17. Dynastie Ägyptens :   |b unter besonderer Berücksichtigung der Skarabäen dieser Zwischenzeit /   |c von Hanns Stock. 
250 |a 2., um den Index erg. Aufl. 
260 |a Glückstadt ;  |a New York :  |b J.J. Augustin,  |c 1955. 
300 |a 89 p. :  |b ill. ;  |c 30 cm. 
490 0 |a Agyptologische Forschungen ;   |v 12A. 
490 0 |a AgForsch ;   |v 12A. 
500 |a Includes indexes. 
504 |a Includes bibliographical references (p. [85]-86). 
650 0 |a Scarabs. 
651 0 |a Egypt  |x History  |y To 332 B.C. 
901 |a reviewed 
942 |2 lcc  |c BK 
999 |c 60958  |d 60958